header

Sufism today (Record no. 175910)

MARC details
000 -LEADER
fixed length control field 01246nam a2200301 a 4500
245 00 - TITLE STATEMENT
Title Sufism today
260 ## - PUBLICATION, DISTRIBUTION, ETC. (IMPRINT)
Place of publication London :
Name of publisher I.B. Tauris,
Year of publication 2009.
300 ## - PHYSICAL DESCRIPTION
Number of Pages ix, 259 p. :
Other physical details ill.
490 1# - SERIES STATEMENT
Series statement Library of modern religion ;
650 #0 - SUBJECT ADDED ENTRY--TOPICAL TERM
Topical Term Sufism
700 1# - ADDED ENTRY--PERSONAL NAME
Personal name Raudvere, Catharina.
Personal name Stenberg, Leif,
856 40 - ELECTRONIC LOCATION AND ACCESS
Uniform Resource Identifier http://site.ebrary.com/lib/rucke/Doc?id=10310797

No items available.

© 2026 Rongo University
Contact us: librarian | system librarian | Rongo university